| 000 | 00803nam a2200253Ia 4500 | ||
|---|---|---|---|
| 003 | OSt | ||
| 005 | 20221005091218.0 | ||
| 006 | a|||||r|||| 00| 0 | ||
| 007 | ta | ||
| 008 | 221004b |||||||| |||| 00| 0 eng d | ||
| 020 |
_a9780190881856 (hbk) _cUSD 74.00 |
||
| 024 | _a41365 | ||
| 037 |
_b009, 16/01/2019, Classic Book Service _cTextual |
||
| 040 |
_aCRL _cCRL _beng |
||
| 041 |
_2eng _aeng |
||
| 082 | _aW.63, Q8 | ||
| 100 |
_aToit Fanie Du Au. _9615925 |
||
| 245 | 0 |
_aWhen political transitions work _breconciliation as interdependence |
|
| 260 |
_aNew York _bOxford University Press USA _c2018 |
||
| 300 |
_axiv,287p. _ccm. |
||
| 650 | _aPOLITICAL SCIENCE | ||
| 942 |
_hW.63, Q8 _cTEXL _2cc |
||
| 999 |
_c996956 _d996956 |
||